000
00206 a2200085 4500
020
_a
9383419490
100
_a
Ranjana Mital
245
_a
101 Award-Winning Projects: Volume 1
260
_b
COPAL Publishing
_c
2021
999
_c
13407
_d
13407